| 000 | 00672nam a22002177a 4500 | ||
|---|---|---|---|
| 003 | koha_MIRAKIL | ||
| 005 | 20250407142744.0 | ||
| 008 | 250407b tur||||| |||| 00| 0 tur d | ||
| 020 | _a9786053205135 | ||
| 040 |
_aTR-IsEVY _btur _cTR-IsEVY |
||
| 082 | _aPD 301 GEZ/K | ||
| 100 | 1 | _aGezon, Lisa | |
| 245 | 0 |
_aKültür / _cLisa Gezon, Conrad Kottak. |
|
| 250 | _a2. bs. | ||
| 260 |
_aAnkara : _bNobel Yayıncılık, _c2020. |
||
| 300 |
_a352 s. : _c28 cm. |
||
| 650 |
_aÖğretmen Mesleki Gelişim Kitapları . _vİnsan. _vKültür. _vDeğişim. _vKapsayıcı Eğitim. |
||
| 650 | _aProfessional Development . | ||
| 700 | 1 |
_aKottak, Conrad. _cyazar. |
|
| 942 |
_2ddc _cBK |
||
| 999 |
_c21537 _d21537 |
||